[Event "IRI-ch (Women)"]
[Site "Tehran"]
[Date "2016.01.18"]
[Round "4"]
[White "Jafari, Golnaz"]
[Black "Khachatourians, Teni"]
[Result "1/2-1/2"]
[WhiteElo "1909"]
[BlackElo "1771"]
[PlyCount "83"]
[EventDate "2016.01.16"]
[EventType "swiss"]
[EventRounds "9"]
[EventCountry "IRI"]
[SourceTitle "CBM 170 Extra"]
[Source "ChessBase"]
[SourceDate "2016.02.25"]
[SourceVersion "1"]
[SourceVersionDate "2016.02.25"]
[SourceQuality "1"]

1. e4 c6 2. d4 d5 3. Nd2 dxe4 4. Nxe4 Bf5 5. Ng3 Bg6 6. h4 h6 7. Nf3 e6 8. Ne5 Bh7 9. Qh5 Qc7 10. Bc4 Nf6 11. Qe2 Nd5 12. Qh5 Nf6 13. Qe2 Nd5 14. c3 Nd7 15. 0-0 N7f6 16. Re1 Bd6 17. a4 0-0 18. Nh5 Qe7 19. Qf3 Bf5 20. Ng3 Bh7 21. Bf1 Bxe5 22. dxe5 Nd7 23. Qg4 f5 24. exf6 Rxf6 25. Nh5 Rg6 26. Qh3 e5 27. Bd3 Rd6 28. Bxh7+ Kxh7 29. Ng3 Qf7 30. Qf5+ Qxf5 31. Nxf5 Rf6 32. Ng3 Re8 33. Ne4 Rg6 34. f3 Rge6 35. a5 N7f6 36. Ra4 Nxe4 37. Raxe4 Nf6 38. Rb4 R8e7 39. Be3 a6 40. Bc5 Rd7 41. Bf2 Rd5 42. Bb6 1/2-1/2

[Event "Qazvin op (Women) 18th"]
[Site "Qazvin"]
[Date "2015.08.18"]
[Round "7"]
[White "Jafari, Golnaz"]
[Black "Zahedifar, Anahita"]
[Result "0-1"]
[WhiteElo "1907"]
[BlackElo "1971"]
[PlyCount "126"]
[EventDate "2015.08.14"]
[EventType "swiss"]
[EventRounds "11"]
[EventCountry "IRI"]
[SourceTitle "EXT 2016"]
[Source "ChessBase"]
[SourceDate "2015.10.08"]
[SourceVersion "1"]
[SourceVersionDate "2015.10.08"]
[SourceQuality "1"]

1. e4 c6 2. d4 d5 3. Nd2 dxe4 4. Nxe4 h6 5. Bc4 Bf5 6. Ng3 Bh7 7. N1e2 Nf6 8. 0-0 e6 9. Nf4 Nbd7 10. c3 Qc7 11. Re1 0-0-0 12. Qe2 Bd6 13. Nd3 Nb6 14. Bb3 c5 15. Nxc5 Bxc5 16. dxc5 Qxc5 17. Be3 Qc6 18. Bd4 Nbd5 19. Be5 Rhg8 20. c4 Nb4 21. Bc3 Nd3 22. Red1 Nf4 23. Qf3 Qxf3 24. gxf3 Nd3 25. a3 h5 26. Ne2 h4 27. Nd4 e5 28. Ne2 e4 29. Bc2 exf3 30. Nd4 Ne5 31. Bxh7 Nxh7 32. Nf5 Nc6 33. Nxh4 Ng5 34. Bd2 Nh3+ 35. Kf1 Nd4 36. Bc3 g5 37. Ng6 Rxg6 38. Rxd4 Rxd4 39. Bxd4 b6 40. Re1 Nf4 41. Re5 Rd6 42. Bc3 f6 43. Re3 Rd1+ 44. Re1 Rd6 45. Re3 Rd1+ 46. Re1 Rd6 47. Re3 g4 48. Bb4 Rd1+ 49. Re1 Rxe1+ 50. Kxe1 Nd3+ 51. Kd2 Nxf2 52. b3 Ne4+ 53. Ke1 Kd7 54. Bf8 Ke6 55. b4 f5 56. Bh6 Nd6 57. c5 bxc5 58. bxc5 Nc4 59. Kf2 Kd5 60. Bf8 Nd2 61. h4 Ne4+ 62. Kf1 g3 63. h5 Nd2+ 0-1

[Event "IRI-ch (Women)"]
[Site "Tehran"]
[Date "2014.12.14"]
[Round "9"]
[White "Khalili, Atieh"]
[Black "Jafari, Golnaz"]
[Result "1/2-1/2"]
[WhiteElo "1740"]
[BlackElo "1882"]
[PlyCount "118"]
[EventDate "2014.12.07"]
[EventType "swiss"]
[EventRounds "11"]
[EventCountry "IRI"]
[SourceTitle "CBM 163 Extra"]
[Source "ChessBase"]
[SourceDate "2014.12.23"]
[SourceVersion "1"]
[SourceVersionDate "2014.12.23"]
[SourceQuality "1"]

1. d4 g6 2. Nf3 Bg7 3. c4 d6 4. Nc3 Nd7 5. Bg5 h6 6. Bh4 f5 7. e3 Ngf6 8. h3 c6 9. Be2 0-0 10. 0-0 e5 11. Qc2 Qe8 12. Bg3 Nh5 13. Bh2 g5 14. Rfe1 f4 15. Rac1 Ndf6 16. Bd3 g4 17. Bg6 Qe6 18. hxg4 Qxg4 19. dxe5 Ne8 20. Bxh5 Qxh5 21. exf4 Bg4 22. Nd2 dxe5 23. fxe5 Nc7 24. Qe4 Ne6 25. f3 Bf5 26. Qe3 Rad8 27. g4 Qg6 28. Kh1 Bd3 29. Nce4 h5 30. Rg1 h4 31. Rc3 Bxe4 32. Qxe4 Qf7 33. Qe1 Nf4 34. Rf1 Rfe8 35. Re3 h3 36. Re4 Nd3 37. Qe2 Nc5 38. Rf4 Qe7 39. Rf5 Ne6 40. Rh5 Qf7 41. Ne4 Nd4 42. Qe3 Qxc4 43. Rc1 Nc2 44. Qg5 Qe2 45. Nf6+ Kf7 46. Rxh3 Rd1+ 47. Rxd1 Qxd1+ 48. Bg1 Rd8 49. Qh5+ Ke6 50. Qf5+ Ke7 51. Rh7 Rh8 52. Rxh8 Bxh8 53. Qh7+ Ke6 54. Qxh8 Qxf3+ 55. Kh2 Qf4+ 56. Kh3 Qf3+ 57. Kh2 Qf4+ 58. Kh3 Qf3+ 59. Kh2 Qf4+ 1/2-1/2

[Event "IRI-ch (Women)"]
[Site "Tehran"]
[Date "2014.12.08"]
[Round "3"]
[White "Khachatourians, Teni"]
[Black "Jafari, Golnaz"]
[Result "1-0"]
[WhiteElo "1698"]
[BlackElo "1882"]
[PlyCount "75"]
[EventDate "2014.12.07"]
[EventType "swiss"]
[EventRounds "11"]
[EventCountry "IRI"]
[SourceTitle "CBM 163 Extra"]
[Source "ChessBase"]
[SourceDate "2014.12.23"]
[SourceVersion "1"]
[SourceVersionDate "2014.12.23"]
[SourceQuality "1"]

1. e4 e6 2. d4 c5 3. d5 exd5 4. exd5 d6 5. Nf3 Nf6 6. Be2 Be7 7. 0-0 0-0 8. c4 Re8 9. Nbd2 b5 10. b3 bxc4 11. bxc4 Nbd7 12. Bd3 Nf8 13. Qc2 Bg4 14. Ng5 h6 15. Nge4 Rb8 16. Ng3 Nh5 17. h3 Nxg3 18. fxg3 Bf6 19. Rb1 Bd7 20. Rxb8 Qxb8 21. Nf3 Qb4 22. Bf4 Ba4 23. Qb1 Qxb1 24. Rxb1 Be5 25. Nxe5 dxe5 26. Be3 e4 27. Be2 Bc2 28. Rb7 Bd3 29. Kf2 Ng6 30. Rc7 Ne5 31. Rxc5 a6 32. Bd4 Nxc4 33. Rxc4 Bxc4 34. Bxc4 Rc8 35. Bb3 Kf8 36. d6 Ke8 37. Ba4+ Kd8 38. Bb6+ 1-0

[Event "IRI-ch (Women)"]
[Site "Tehran"]
[Date "2014.12.07"]
[Round "1"]
[White "Hamedi Nia, Vesal"]
[Black "Jafari, Golnaz"]
[Result "1/2-1/2"]
[WhiteElo "1742"]
[BlackElo "1882"]
[PlyCount "101"]
[EventDate "2014.12.07"]
[EventType "swiss"]
[EventRounds "11"]
[EventCountry "IRI"]
[SourceTitle "CBM 163 Extra"]
[Source "ChessBase"]
[SourceDate "2014.12.23"]
[SourceVersion "1"]
[SourceVersionDate "2014.12.23"]
[SourceQuality "1"]

1. d4 Nf6 2. c4 g6 3. Nc3 Bg7 4. Nf3 0-0 5. Bg5 d6 6. Qd2 Nbd7 7. Bh6 e5 8. Bxg7 Kxg7 9. e3 exd4 10. Qxd4 Kg8 11. Be2 Qe7 12. Qh4 Re8 13. Ng5 Nf8 14. Bf3 Kg7 15. Nge4 Nxe4 16. Qxe7 Rxe7 17. Bxe4 Rb8 18. Bf3 Be6 19. Nd5 Bxd5 20. cxd5 Nd7 21. Rc1 Ne5 22. Be2 c5 23. dxc6 bxc6 24. b3 f5 25. f4 Nf7 26. Rxc6 Rxe3 27. Kf2 Re4 28. g3 Rbe8 29. Bf3 Rd4 30. Rd1 Rxd1 31. Bxd1 Re7 32. Bf3 Rd7 33. Rc4 Nh6 34. Rd4 Ng8 35. b4 Ne7 36. a4 Kf6 37. b5 d5 38. a5 Ke6 39. Ke3 Kd6 40. Bd1 Rc7 41. Rb4 Kc5 42. Rb2 Rb7 43. Be2 d4+ 44. Kd2 Nd5 45. Bf3 Rd7 46. Bxd5 Kxd5 47. b6 Kc6 48. Kd3 axb6 49. axb6 Kb7 50. Rb4 Re7 51. Rxd4 1/2-1/2

[Event "Wch U18 Girls"]
[Site "Kemer"]
[Date "2009.11.22"]
[Round "11"]
[White "Aliaga Fernandez, Ingrid Yadira"]
[Black "Jafari, Golnaz"]
[Result "1-0"]
[WhiteElo "2146"]
[BlackElo "1999"]
[PlyCount "81"]
[EventDate "2009.11.12"]
[EventType "swiss"]
[EventRounds "11"]
[EventCountry "TUR"]
[SourceTitle "EXT 2010"]
[Source "ChessBase"]
[SourceDate "2010.11.25"]
[SourceVersion "1"]
[SourceVersionDate "2010.11.25"]
[SourceQuality "1"]

1. e4 c5 2. Nf3 e6 3. d4 cxd4 4. Nxd4 a6 5. Bd3 Nf6 6. 0-0 Qc7 7. Kh1 Bc5 8. Nb3 Be7 9. f4 d6 10. c4 0-0 11. Nc3 Nbd7 12. Be3 b6 13. Rc1 Bb7 14. Qe2 Nc5 15. Nxc5 bxc5 16. Bf2 Nd7 17. Bg3 Rfe8 18. Qc2 g6 19. Be2 Bf6 20. Bf3 Bd4 21. Rcd1 Nb6 22. b3 Rad8 23. Bh4 Rd7 24. Ne2 d5 25. cxd5 exd5 26. Bg4 dxe4 27. Bxd7 Qxd7 28. Bf6 Nd5 29. Bxd4 cxd4 30. Rxd4 Qg4 31. Rxe4 Rxe4 32. Qxe4 Ne3 33. Qxb7 Nxf1 34. Qf3 Qxf3 35. gxf3 Ne3 36. Nc3 Kg7 37. Kg1 Kf6 38. Kf2 Nc2 39. Nd5+ Kf5 40. Ne3+ Nxe3 41. Kxe3 1-0

[Event "Wch U18 Girls"]
[Site "Kemer"]
[Date "2009.11.21"]
[Round "10"]
[White "Ni, Viktorija"]
[Black "Jafari, Golnaz"]
[Result "1-0"]
[WhiteElo "2181"]
[BlackElo "1999"]
[PlyCount "57"]
[EventDate "2009.11.12"]
[EventType "swiss"]
[EventRounds "11"]
[EventCountry "TUR"]
[SourceTitle "EXT 2010"]
[Source "ChessBase"]
[SourceDate "2010.11.25"]
[SourceVersion "1"]
[SourceVersionDate "2010.11.25"]
[SourceQuality "1"]

1. d4 Nf6 2. c4 g6 3. Nc3 Bg7 4. e4 d6 5. Nf3 0-0 6. Be2 e5 7. dxe5 dxe5 8. Qxd8 Rxd8 9. Bg5 Re8 10. 0-0-0 Na6 11. Nd2 c6 12. Nb3 Ng4 13. Bh4 Bf8 14. h3 Nh6 15. g4 Kh8 16. g5 Ng8 17. Bg3 f5 18. exf5 gxf5 19. Bh5 Re7 20. Rd8 Bg7 21. g6 Bf6 22. Rg1 Nc7 23. gxh7 Kxh7 24. Bxe5 Rxe5 25. Rdxg8 Be6 26. Rxa8 Nxa8 27. Nd4 Kh6 28. Nxe6 Rxe6 29. Bf7 1-0

[Event "Wch U18 Girls"]
[Site "Kemer"]
[Date "2009.11.19"]
[Round "8"]
[White "Lkhamsuren, Uuganbayar"]
[Black "Jafari, Golnaz"]
[Result "1/2-1/2"]
[WhiteElo "2136"]
[BlackElo "1999"]
[PlyCount "110"]
[EventDate "2009.11.12"]
[EventType "swiss"]
[EventRounds "11"]
[EventCountry "TUR"]
[SourceTitle "EXT 2010"]
[Source "ChessBase"]
[SourceDate "2010.11.25"]
[SourceVersion "1"]
[SourceVersionDate "2010.11.25"]
[SourceQuality "1"]

1. e4 e6 2. d4 d5 3. e5 c5 4. c3 Nc6 5. Nf3 Qb6 6. a3 Nh6 7. b4 cxd4 8. cxd4 Nf5 9. Bb2 a5 10. b5 a4 11. Ra2 Nd8 12. Nc3 Qa5 13. Bd3 Be7 14. 0-0 g6 15. Bc2 Bd7 16. Bxa4 Qb6 17. Qd2 h5 18. Rb1 Ra5 19. Bc1 g5 20. Bc2 g4 21. Bxf5 gxf3 22. Bh3 fxg2 23. a4 f6 24. Qe3 Nf7 25. exf6 Bxf6 26. Nxd5 Qxd4 27. Qxd4 Bxd4 28. Bd2 Ra7 29. Nc7+ Ke7 30. Bb4+ Kf6 31. Rd1 Ne5 32. Bxg2 Bb6 33. Bc3 Rd8 34. Bd4 Bxd4 35. Rxd4 b6 36. Na6 Rg8 37. Kf1 Ng4 38. Kg1 Bc8 39. h3 Bxa6 40. bxa6 Ne5 41. Rf4+ Ke7 42. Kh2 Rxa6 43. Rb4 Nd7 44. Bc6 Rb8 45. Bb5 Ra5 46. Re2 Nc5 47. Re5 Nd3 48. Rxe6+ Kxe6 49. Bxd3 Rg5 50. f4 Rc5 51. f5+ Kf6 52. Rd4 Rc6 53. Kg3 Ke5 54. Re4+ Kf6 55. Rd4 Ke5 1/2-1/2

[Event "Chigorin Memorial 17th"]
[Site "St Petersburg"]
[Date "2009.10.18"]
[Round "3"]
[White "Nuretdinov, Igor"]
[Black "Jafari, Golnaz"]
[Result "1-0"]
[WhiteElo "2182"]
[BlackElo "1999"]
[PlyCount "79"]
[EventDate "2009.10.16"]
[EventType "swiss"]
[EventRounds "9"]
[EventCountry "RUS"]
[SourceTitle "CBM 132 Extra"]
[Source "ChessBase"]
[SourceDate "2009.11.03"]
[SourceVersion "1"]
[SourceVersionDate "2009.11.03"]
[SourceQuality "1"]

1. d4 Nf6 2. c4 g6 3. Nc3 Bg7 4. e4 d6 5. Nf3 0-0 6. Be2 e5 7. 0-0 exd4 8. Nxd4 Re8 9. f3 Nh5 10. Nc2 Nc6 11. Be3 f5 12. Qd2 Nf6 13. Bg5 Be6 14. exf5 Bxf5 15. Ne3 Qd7 16. Kh1 Be6 17. Rad1 Qf7 18. b3 Kh8 19. Bd3 Rf8 20. Ne4 Rae8 21. Nxf6 Bxf6 22. Bxf6+ Qxf6 23. Be4 Nd8 24. Qa5 b6 25. Qxa7 Qf4 26. Rfe1 Bf5 27. Nd5 Qh4 28. Qxc7 Bxe4 29. Rxe4 Rxe4 30. fxe4 Qg4 31. Rg1 Qxe4 32. Qxd6 Ne6 33. Nc7 Rf6 34. Qxb6 Qe5 35. Nxe6 Rxe6 36. Qf2 Rf6 37. Qe1 Qxe1 38. Rxe1 Rf2 39. Rc1 Rxa2 40. c5 1-0